Introducción al derecho constitucional comparado : (Registro nro. 4237)
[ vista simple ]
| 000 -LEADER | |
|---|---|
| fixed length control field | 01321nam a2200277Ia 4500 |
| 003 - CONTROL NUMBER IDENTIFIER | |
| control field | OSt |
| 005 - DATE AND TIME OF LATEST TRANSACTION | |
| control field | 20200729114551.0 |
| 008 - FIXED-LENGTH DATA ELEMENTS--GENERAL INFORMATION | |
| fixed length control field | 191128t1996 mx ad fr 000 0 spa d |
| 020 ## - INTERNATIONAL STANDARD BOOK NUMBER | |
| International Standard Book Number | 9583800627 |
| 040 ## - CATALOGING SOURCE | |
| Original cataloging agency | CO-JMCR |
| Transcribing agency | CO-JMCR |
| 041 1# - LANGUAGE CODE | |
| Language code of text/sound track or separate title | spa |
| Language code of original | y |
| 082 04 - DEWEY DECIMAL CLASSIFICATION NUMBER | |
| Classification number | 342 / |
| Item number | B621i |
| Edition number | 23 |
| 100 1# - MAIN ENTRY--PERSONAL NAME | |
| Personal name | Biscaretti Di Ruffía, Paolo, |
| Relator term | autor |
| 9 (RLIN) | 8068 |
| 245 10 - TITLE STATEMENT | |
| Title | Introducción al derecho constitucional comparado : |
| Remainder of title | las formas del estado y las formas del gobierno ; las constituciones modernas / |
| Statement of responsibility, etc. | Paolo Biscaretti di Ruffia ; estudio preliminar y traducción de Héctor Fix-Zamudio |
| 250 ## - EDITION STATEMENT | |
| Edition statement | Primera edición |
| 260 ## - PUBLICATION, DISTRIBUTION, ETC. | |
| Place of publication, distribution, etc. | México : |
| Name of publisher, distributor, etc. | Fondo de Cultura Económica, |
| Date of publication, distribution, etc. | ©1996 |
| 300 ## - PHYSICAL DESCRIPTION | |
| Extent | 716 páginas : |
| Other physical details | gráficos a blanco y negro ; |
| Dimensions | 24 cm. |
| 490 0# - SERIES STATEMENT | |
| Series statement | Sección de Obras de Política y Derecho |
| 500 ## - GENERAL NOTE | |
| General note | Incluye notas a pie de página. |
| 505 0# - FORMATTED CONTENTS NOTE | |
| Formatted contents note | Estudio preliminar -- Introducción al derecho constitucional comparado las "formas de gobierno" -- Las constituciones modernas -- Prefacio a las sexta edición -- Premisa a metodología -- La "ciencia del derecho constitucional comparado" y sus tareas actuales |
| 546 ## - LANGUAGE NOTE | |
| Language note | Traducción del italiano |
| 650 14 - SUBJECT ADDED ENTRY--TOPICAL TERM | |
| Topical term or geographic name entry element | Derecho constitucional |
| 9 (RLIN) | 8069 |
| 650 14 - SUBJECT ADDED ENTRY--TOPICAL TERM | |
| Topical term or geographic name entry element | Constituciones |
| 9 (RLIN) | 8070 |
| 700 1# - ADDED ENTRY--PERSONAL NAME | |
| Personal name | Fix-Zamudio, Héctor, |
| Relator term | traductor |
| 9 (RLIN) | 8071 |
| 942 ## - ADDED ENTRY ELEMENTS (KOHA) | |
| Source of classification or shelving scheme | Dewey Decimal Classification |
| Koha item type | Books |
| Withdrawn status | Lost status | Source of classification or shelving scheme | Damaged status | Not for loan | Collection code | Home library | Current library | Date acquired | Source of acquisition | Full call number | Barcode | Date last seen | Copy number | Koha item type |
|---|---|---|---|---|---|---|---|---|---|---|---|---|---|---|
| Dewey Decimal Classification | Non-fiction | Biblioteca Pública José María del Castillo y Rada | Biblioteca Pública José María del Castillo y Rada | 08/28/2018 | Donación | 342 / B621i | 201809064 | 05/16/2024 | Ej.1 | Books |